| 000 | 00856cab a22002175a 4500 | ||
|---|---|---|---|
| 001 | L152373 | ||
| 008 | 110228e20110226xxk 000 0 eng d | ||
| 035 | _a(Sirsi) u152373 | ||
| 041 | 0 | _aeng | |
| 100 | 1 | _aWhitten, Nick | |
| 245 | 0 | 0 |
_aFocus _bindustrial |
| 260 | _c2011 | ||
| 490 |
_aEstates Gazette _v(1108) 26 February 2011, 77-87(10) |
||
| 520 | _aBoom in data centre market. Map shows proposed developments at at February 2011. Interviews with Ruth Tytherley first female chair of Industrial Agents Society Graham Pardoe, head of Goodman's UK Logistics. Predicts removal of empty rates relief from 1 April 2011 will affect SMEs in the industral sector. | ||
| 590 | _aKA | ||
| 651 | 4 |
_aUnited Kingdom _y |
|
| 690 | _aPROPERTY-COMMERCIAL PROPERTY-COMMERCIAL PROPERTY MARKET | ||
| 700 | 1 | _aSmedley, Tim | |
| 700 | 1 | _aHarris, David | |
| 942 | _n0 | ||
| 999 |
_c82951 _d82951 |
||